[Event "RUS-chT Premier 2021"]
[White "Dubov,Daniil"]
[Black "Motylev,Alexander"]
[WhiteTeam "Wildberries Молодёжка"]
[BlackTeam "Гоголевский, 14"]
[Site "Sochi"]
[Round "9.1"]
[Annotator "ChessBase"]
[Result "1-0"]
[Date "2021.05.10"]
[WhiteElo "2710"]
[BlackElo "2641"]
[PlyCount "95"]
[TimeControl "60"]

1. d4 {[%emt 0:0:0]} Nf6 {[%emt 0:0:4]} 2. c4 {[%emt 0:0:0]} e6 {[%emt 0:0:0]} 3. Nf3 {[%emt 0:0:0]} a6 {[%emt 0:0:26]} 4. Nc3 {[%emt 0:4:33]} d5 {[%emt 0:0:48]} 5. c5 {[%emt 0:0:9]} b6 {[%emt 0:0:48]} 6. cxb6 {[%emt 0:0:0]} cxb6 {[%emt 0:6:15]} 7. Bf4 {[%emt 0:4:38]} Bd6 {[%emt 0:5:43]} 8. e3 {[%emt 0:0:45]} 0-0 {[%emt 0:0:34]} 9. Bd3 {[%emt 0:0:41]} Nc6 {[%emt 0:0:0]} 10. 0-0 {[%emt 0:4:18]} Bb7 {[%emt 0:6:52]} 11. Bg5 {[%emt 0:1:35]} h6 {[%emt 0:3:21]} 12. Bh4 {[%emt 0:0:16]} Be7 {[%emt 0:4:43]} 13. Rc1 {[%emt 0:3:50]
} Rc8 {[%emt 0:7:8]} 14. Qe2 {[%emt 0:7:38]} Nb4 {[%emt 0:0:0]} 15. Bb1 {[%emt 0:1:21]} a5 {[%emt 0:0:57]} 16. Rfe1 {[%emt 0:5:44]} Ba6 {[%emt 0:3:54]} 17. Qd1 {[%emt 0:0:7]} Ne4 {[%emt 0:4:11]} 18. Bxe7 {[%emt 0:5:47]
} Qxe7 {[%emt 0:0:6]} 19. Ne5 {[%emt 0:2:3]} Bb7 {[%emt 0:0:0]} 20. Bxe4 {[%emt 0:9:46]} dxe4 {[%emt 0:0:16]} 21. a3 {[%emt 0:0:26]} Nc6 {[%emt 0:7:31]} 22. Nc4 {[%emt 0:1:0]} Nxd4 {[%emt 0:19:32]} 23. Qxd4 {[%emt 0:6:10]
} Rfd8 {[%emt 0:1:11]} 24. Qxb6 {[%emt 0:0:26]} Rxc4 {[%emt 0:0:0]} 25. Qxa5 {[%emt 0:0:42]} Rd2 {[%emt 0:1:14]} 26. Ne2 {[%emt 0:13:2]} Rcc2 {[%emt 0:3:33]} 27. Rxc2 {[%emt 0:0:22]} Rxc2 {[%emt 0:0:5]} 28. Qb6 {[%emt 0:0:14]
} e5 {[%emt 0:1:49]} 29. Ng3 {[%emt 0:1:50]} Qd7 {[%emt 0:0:0]} 30. h4 {[%emt 0:2:17]} Qd2 {[%emt 0:3:3]} 31. Re2 {[%emt 0:1:17]} Rc1+ {[%emt 0:6:7]} 32. Kh2 {[%emt 0:0:5]} Qd7 {[%emt 0:0:3]} 33. Qb4 {[%emt 0:0:31]
} Qg4 {[%emt 0:1:26]} 34. Re1 {[%emt 0:0:2]} Qxh4+ {[%emt 0:0:0]} 35. Kg1 {[%emt 0:0:2]} Rxe1+ {[%emt 0:1:41]} 36. Qxe1 {[%emt 0:0:0]} Qe7 {[%emt 0:0:35]} 37. Qb1 {[%emt 0:0:13]} Qc7 {[%emt 0:1:25]} 38. b4 {[%emt 0:7:4]} Qc4 {[%emt 0:0:22]} 39. Qa1 {[%emt 0:1:5]} f6 {[%emt 0:0:0]} 40. Qd1 {[%emt 0:0:0]} Qc8 {[%emt 0:0:0]} 41. b5 {[%emt 0:7:54]} Kh7 {[%emt 0:6:32]} 42. a4 {[%emt 0:1:31]} f5 {[%emt 0:0:43]} 43. Qd2 {[%emt 0:0:0]} Qf8 {[%emt 0:4:12]} 44. Qd7 {[%emt 0:1:42]} Bc8 {[%emt 0:0:26]} 45. Qc7 {[%emt 0:0:8]} f4 {[%emt 0:0:41]} 46. exf4 {[%emt 0:1:47]} exf4 {[%emt 0:3:12]
} 47. Nxe4 {[%emt 0:0:9]} f3 {[%emt 0:6:57]} 48. b6 {[%emt 0:0:0]} 1-0

[Event "RUS-chT Premier 2021"]
[White "Paravyan,David"]
[Black "Kobalia,Mikhail"]
[WhiteTeam "Wildberries Молодёжка"]
[BlackTeam "Гоголевский, 14"]
[Site "Sochi"]
[Round "9.3"]
[Annotator "ChessBase"]
[Result "1/2-1/2"]
[Date "2021.05.10"]
[WhiteElo "2647"]
[BlackElo "2587"]
[PlyCount "75"]
[TimeControl "60"]

1. d4 {} d5 2. c4 c6 3. cxd5 cxd5 4. Bf4 e6 5. e3 Bd6 6. Bxd6 {D10: Slav Defence: 3 cxd5 (without early Nf3)
and 3 Nc3.} Qxd6 7. Nc3 Ne7 $1 { is more profitable than 7...Nf6 at
the moment.} 8. Bd3 {White is slightly better.} Nbc6 9. Nf3 Bd7 10. 0-0 0-0 11. Rc1 Rfc8 {[#]} 12. Nb5 $5 $146 { An interesting novelty.} ({
Predecessor:} 12. Qe2 Be8 13. h3 f6 14. Rfe1 {1/2-1/2 (14) Kazhgaleyev,M (2569)
-Kobalia,M (2614) chess.com INT 2020} )Qb8 13. a3 Be8 14. Qd2 f6 15. e4 Bh5 16. Qe3 a6 17. Nc3 Bxf3 18. Qxf3 {} Nxd4 19. Qg4 dxe4 20. Qxe4 { [#] Double Attack} Nef5 (20... Qe5 $11 {keeps the balance.} )21. Kh1 (21. g4 $16 )Rc5 (21... Qe5 $11 )22. f4 $1 $14 {aiming for g4.} Qd8 (22... h5 $14 )23. g4 $16 Ne7 24. Qxh7+ Kf7 25. f5 exf5 {[#]} 26. Qh5+ ({
Of course not} 26. gxf5 $6 Qh8 $11 )Kg8 27. Rcd1 (27. gxf5 $16 {Hoping
for Ne4.} Nd5 28. Be4 )Qe8 $36 { Black is pushing.The
position is equal.} 28. Qxe8+ Rxe8 29. Bb1 Nec6 30. gxf5 Rce5 31. Kg2 b5 32. Rf4 Ne2 33. Ba2+ Kf8 34. Nxe2 Rxe2+ { Double Attack} 35. Rf2 Rxf2+ 36. Kxf2 { Endgame KRB-KRN} Ne5 37. Be6 Ke7 38. h4 Rh8 39. Kg3 Rd8 40. Rxd8 Kxd8 {KB-KN} 41. b4 Nc6 42. Bd5 Nd4 43. Be4 Kd7 44. Kg4 Kd6 45. Bb7 Nc2 46. Bxa6 {Kh5 is the strong threat.} Nxa3 47. Kh5 {Threatens to win with Kg6.} Ke7 $1 48. Kg6 Kf8 49. h5 Nc2 50. Bxb5 Nxb4 51. h6 gxh6 52. Kxf6 Nd5+ 53. Kg6 Ne7+ 54. Kxh6 Nxf5+ {Weighted Error Value: White=0.11/Black=0.11} 1/2-1/2

[Event "RUS-chT Premier 2021"]
[White "Murzin,Volodar"]
[Black "Riazantsev,Alexander"]
[WhiteTeam "Гоголевский, 14"]
[BlackTeam "Wildberries Молодёжка"]
[Site "Sochi"]
[Round "9.4"]
[Annotator "ChessBase"]
[Result "1/2-1/2"]
[Date "2021.05.10"]
[WhiteElo "2478"]
[BlackElo "2631"]
[PlyCount "81"]
[TimeControl "60"]

1. e4 {[%emt 0:0:0]} c5 {[%emt 0:0:0]} 2. Nf3 {[%emt 0:0:0]} d6 {[%emt 0:0:0]} 3. d4 {[%emt 0:0:0]} cxd4 {[%emt 0:0:6]} 4. Qxd4 {[%emt 0:0:0]} Nc6 {[%emt 0:0:36]} 5. Qe3 {[%emt 0:0:0]} Nf6 {[%emt 0:1:2]} 6. Be2 {[%emt 0:0:27]
} g6 {[%emt 0:0:19]} 7. 0-0 {[%emt 0:0:12]} Bg7 {[%emt 0:0:7]
} 8. Rd1 {[%emt 0:0:12]} 0-0 {[%emt 0:0:14]} 9. Nc3 {[%emt 0:0:8]} Bg4 {[%emt 0:0:24]
} 10. Nd5 {[%emt 0:3:45]} Nd7 {[%emt 0:1:3]} 11. c3 {[%emt 0:0:0]} e6 {[%emt 0:1:47]} 12. Nf4 {[%emt 0:0:26]} Qc7 {[%emt 0:0:16]} 13. h3 {[%emt 0:13:23]} Bxf3 {[%emt 0:0:36]} 14. Bxf3 {[%emt 0:2:5]} b5 {[%emt 0:5:46]
} 15. Qd2 {[%emt 0:13:43]} b4 {[%emt 0:7:1]} 16. Qxd6 {[%emt 0:0:0]} Qxd6 {[%emt 0:1:27]} 17. Rxd6 {[%emt 0:0:8]} bxc3 {[%emt 0:0:17]} 18. bxc3 {[%emt 0:0:38]} Bxc3 {[%emt 0:1:38]} 19. Rb1 {[%emt 0:0:10]} Nde5 {[%emt 0:0:55]
} 20. Ne2 {[%emt 0:14:32]} Ba5 {[%emt 0:10:29]} 21. Nd4 {[%emt 0:0:0]} Nxd4 {[%emt 0:3:56]} 22. Rxd4 {[%emt 0:0:5]} Bb6 {[%emt 0:0:4]} 23. Rd2 {[%emt 0:2:11]} f5 {[%emt 0:31:36]} 24. exf5 {[%emt 0:5:44]} Nxf3+ {[%emt 0:0:7]
} 25. gxf3 {[%emt 0:0:4]} exf5 {[%emt 0:4:7]} 26. Kg2 {[%emt 0:3:2]
} Rfe8 {[%emt 0:3:32]} 27. Rb3 {[%emt 0:5:9]} Rac8 {[%emt 0:0:0]} 28. Bb2 {[%emt 0:0:18]} Rcd8 {[%emt 0:0:10]} 29. Rxd8 {[%emt 0:0:15]
} Rxd8 {[%emt 0:0:1]} 30. Bc1 {[%emt 0:0:12]} Rd6 {[%emt 0:4:37]} 31. Kg3 {[%emt 0:1:34]
} Rc6 {[%emt 0:5:0]} 32. Be3 {[%emt 0:0:24]} Bc7+ {[%emt 0:0:0]} 33. Bf4 {[%emt 0:1:54]} Bxf4+ {[%emt 0:1:37]} 34. Kxf4 {[%emt 0:0:4]} Ra6 {[%emt 0:0:3]} 35. Kg5 {[%emt 0:1:57]} Rxa2 {[%emt 0:2:21]} 36. Rb8+ {[%emt 0:1:13]
} Kf7 {[%emt 0:0:5]} 37. Rb7+ {[%emt 0:0:5]} Ke6 {[%emt 0:0:0]} 38. Rxh7 {[%emt 0:0:5]} Rxf2 {[%emt 0:0:5]} 39. Rxa7 {[%emt 0:0:5]} Rg2+ {[%emt 0:1:6]} 40. Kh6 {[%emt 0:0:0]} Rg3 {[%emt 0:0:0]} 41. f4 {[%emt 0:10:31]
} 1/2-1/2

[Event "RUS-chT Premier 2021"]
[White "Yuffa,Daniil"]
[Black "Savchenko,Boris"]
[WhiteTeam "Wildberries Молодёжка"]
[BlackTeam "Гоголевский, 14"]
[Site "Sochi"]
[Round "9.5"]
[Annotator "ChessBase"]
[Result "0-1"]
[Date "2021.05.10"]
[WhiteElo "2584"]
[BlackElo "2552"]
[PlyCount "124"]
[TimeControl "60"]

1. d4 {[%emt 0:0:0]} e6 {[%emt 0:0:43]} 2. c4 {[%emt 0:0:0]} d5 {[%emt 0:0:0]} 3. Nf3 {[%emt 0:0:0]} Nf6 {[%emt 0:0:16]} 4. g3 {[%emt 0:0:0]} dxc4 {[%emt 0:0:34]} 5. Bg2 {[%emt 0:0:4]} Nc6 {[%emt 0:2:44]} 6. Qa4 {[%emt 0:2:13]
} Bb4+ {[%emt 0:3:24]} 7. Bd2 {[%emt 0:2:4]} Nd5 {[%emt 0:0:0]} 8. Bxb4 {[%emt 0:1:47]} Ndxb4 {[%emt 0:0:13]} 9. 0-0 {[%emt 0:1:13]} Rb8 {[%emt 0:4:3]} 10. Na3 {[%emt 0:0:52]} 0-0 {[%emt 0:0:23]} 11. Qb5 {[%emt 0:1:2]
} b6 {[%emt 0:0:13]} 12. Qxc4 {[%emt 0:0:10]} Ba6 {[%emt 0:0:0]} 13. Nb5 {[%emt 0:0:23]} Qe8 {[%emt 0:0:13]} 14. Rfc1 {[%emt 0:9:37]} Nd5 {[%emt 0:0:19]} 15. Qxc6 {[%emt 0:7:56]} Qxc6 {[%emt 0:3:7]} 16. Rxc6 {[%emt 0:0:7]
} Bxb5 {[%emt 0:0:7]} 17. Rc2 {[%emt 0:0:3]} Rfc8 {[%emt 0:0:0]} 18. Ne5 {[%emt 0:27:36]} c5 {[%emt 0:4:40]} 19. dxc5 {[%emt 0:5:31]} Rxc5 {[%emt 0:0:56]} 20. Rxc5 {[%emt 0:2:36]} bxc5 {[%emt 0:2:57]} 21. Rc1 {[%emt 0:0:53]
} f6 {[%emt 0:6:22]} 22. Bh3 {[%emt 0:8:13]} Rb6 23. Nc4 {[%emt 0:0:4]
} Bxc4 {[%emt 0:4:40]} 24. Rxc4 {[%emt 0:11:11]} Kf7 25. e4 Ne7 {[%emt 0:0:56]} 26. Rxc5 {[%emt 0:1:22]} Rxb2 {[%emt 0:0:7]} 27. a4 {[%emt 0:0:9]
} Rb6 {[%emt 0:4:0]} 28. e5 {[%emt 0:3:39]} Rc6 {[%emt 0:0:0]} 29. Rb5 {[%emt 0:2:32]} f5 {[%emt 0:8:4]} 30. Bf1 {[%emt 0:1:43]} Rc7 {[%emt 0:4:37]} 31. a5 {[%emt 0:0:58]} g5 {[%emt 0:0:37]} 32. a6 {[%emt 0:0:0]} Ng6 {[%emt 0:2:18]} 33. Rb7 {[%emt 0:6:18]} Re7 {[%emt 0:0:9]} 34. Bb5 {[%emt 0:0:54]} Nxe5 {[%emt 0:4:13]} 35. f4 {[%emt 0:0:28]} gxf4 {[%emt 0:0:11]
} 36. gxf4 {[%emt 0:0:3]} Ng6 {[%emt 0:0:20]} 37. Bd7 {[%emt 0:0:15]
} Kf6 {[%emt 0:1:37]} 38. Kf1 {[%emt 0:1:55]} h6 {[%emt 0:0:0]} 39. h4 {[%emt 0:0:57]} h5 {[%emt 0:6:8]} 40. Kg1 {[%emt 0:0:0]} Rg7 {[%emt 0:0:0]
} 41. Kf1 {[%emt 0:5:7]} Re7 {[%emt 0:5:19]} 42. Kg1 {[%emt 0:0:0]} Rg7 {[%emt 0:0:20]} 43. Kf1 {[%emt 0:0:57]} Nxf4 {[%emt 0:0:19]} 44. Rxa7 {[%emt 0:0:55]} Rg2 {[%emt 0:0:11]} 45. Bb5 {[%emt 0:7:37]} Ra2 {[%emt 0:0:19]
} 46. Rd7 {[%emt 0:3:40]} e5 {[%emt 0:20:55]} 47. Rd6+ {[%emt 0:0:0]} Ke7 {[%emt 0:0:51]} 48. Rd7+ {[%emt 0:0:37]} Kf6 {[%emt 0:0:53]} 49. a7 {[%emt 0:0:56]} Ra1+ {[%emt 0:0:8]} 50. Kf2 {[%emt 0:0:11]} Ke6 {[%emt 0:0:17]
} 51. Bc6 {[%emt 0:2:3]} Ra2+ {[%emt 0:0:25]} 52. Ke3 {[%emt 0:2:0]
} Ra3+ {[%emt 0:0:12]} 53. Kd2 {[%emt 0:1:24]} e4 {[%emt 0:0:0]} 54. Kc2 {[%emt 0:0:34]} e3 {[%emt 0:1:53]} 55. Kb2 {[%emt 0:0:37]} Ra5 {[%emt 0:1:40]} 56. Rd8 {[%emt 0:0:59]} Rxa7 {[%emt 0:0:51]} 57. Re8+ {[%emt 0:0:5]
} Re7 {[%emt 0:1:41]} 58. Rxe7+ {[%emt 0:0:7]} Kxe7 {[%emt 0:0:0]} 59. Kc3 {[%emt 0:0:1]} Kf6 {[%emt 0:0:13]} 60. Bb7 {[%emt 0:1:2]} Kg7 {[%emt 0:3:28]} 61. Bc8 {[%emt 0:0:45]} Ng2 {[%emt 0:0:37]} 62. Kd3 {[%emt 0:0:8]
} f4 {[%emt 0:0:7]} 0-1

[Event "RUS-chT Premier 2021"]
[White "Demidov,Mikhail"]
[Black "Kryakvin,Dmitry"]
[WhiteTeam "Гоголевский, 14"]
[BlackTeam "Wildberries Молодёжка"]
[Site "Sochi"]
[Round "9.6"]
[Annotator "ChessBase"]
[Result "1-0"]
[Date "2021.05.10"]
[WhiteElo "2523"]
[BlackElo "2577"]
[PlyCount "121"]
[TimeControl "60"]

1. d4 {[%emt 0:0:0]} Nf6 {[%emt 0:0:0]} 2. c4 {[%emt 0:0:0]} e6 {[%emt 0:0:0]} 3. Nf3 {[%emt 0:0:12]} b6 {[%emt 0:0:30]} 4. a3 {[%emt 0:1:39]} Bb7 {[%emt 0:0:57]} 5. Nc3 {[%emt 0:0:6]} d5 {[%emt 0:1:0]} 6. Bg5 {[%emt 0:0:0]} Be7 {[%emt 0:1:5]} 7. Bxf6 {[%emt 0:1:11]} Bxf6 {[%emt 0:0:12]} 8. cxd5 {[%emt 0:0:9]} exd5 {[%emt 0:0:5]} 9. Qb3 {[%emt 0:4:51]} 0-0 {[%emt 0:1:41]
} 10. Rd1 {[%emt 0:0:2]} Re8 {[%emt 0:4:25]} 11. e3 {[%emt 0:0:0]} c6 {[%emt 0:0:36]} 12. Bd3 {[%emt 0:2:58]} Nd7 {[%emt 0:0:10]} 13. 0-0 {[%emt 0:0:15]} Nf8 {[%emt 0:0:17]} 14. e4 {[%emt 0:8:39]} g6 {[%emt 0:0:0]} 15. Bb1 {[%emt 0:12:10]} Ne6 {[%emt 0:6:31]} 16. exd5 {[%emt 0:1:33]} cxd5 {[%emt 0:0:26]} 17. Qa4 {[%emt 0:1:48]} Re7 {[%emt 0:8:10]} 18. Ba2 {[%emt 0:2:15]
} Rc8 {[%emt 0:4:45]} 19. g3 {[%emt 0:6:16]} Kg7 {[%emt 0:0:0]} 20. Rd2 {[%emt 0:8:27]} Bc6 {[%emt 0:6:30]} 21. Qd1 {[%emt 0:2:49]} Qd6 {[%emt 0:1:21]} 22. Ne5 {[%emt 0:3:53]} Bxe5 {[%emt 0:5:3]} 23. dxe5 {[%emt 0:0:7]
} Qxe5 {[%emt 0:0:4]} 24. Bxd5 {[%emt 0:1:2]} Qh5 {[%emt 0:0:0]} 25. Qxh5 {[%emt 0:1:45]} gxh5 {[%emt 0:0:4]} 26. Bxc6 {[%emt 0:0:0]} Rxc6 {[%emt 0:0:6]} 27. h4 {[%emt 0:0:36]} Rc5 {[%emt 0:2:17]} 28. Rfd1 {[%emt 0:2:5]} Rec7 {[%emt 0:0:46]} 29. Kg2 {[%emt 0:0:36]} b5 {[%emt 0:7:50]
} 30. Rd6 {[%emt 0:5:47]} Rb7 {[%emt 0:9:53]} 31. Ra6 {[%emt 0:0:0]} Rc4 {[%emt 0:3:27]} 32. Rd5 {[%emt 0:12:1]} b4 {[%emt 0:0:15]} 33. axb4 {[%emt 0:6:43]} Rcxb4 {[%emt 0:0:5]} 34. Nd1 {[%emt 0:0:38]} Rd4 {[%emt 0:2:3]
} 35. Rxd4 {[%emt 0:1:6]} Nxd4 {[%emt 0:0:3]} 36. Ra5 {[%emt 0:0:15]
} Kh6 {[%emt 0:3:23]} 37. Ne3 {[%emt 0:2:10]} Ne6 {[%emt 0:0:0]} 38. Nc4 {[%emt 0:1:1]} Kg6 {[%emt 0:8:34]} 39. Kf3 {[%emt 0:1:24]} Rb4 {[%emt 0:4:9]} 40. Ne5+ {[%emt 0:0:0]} Kf6 {[%emt 0:0:0]} 41. Nd3 {[%emt 0:1:16]
} Rb3 {[%emt 0:1:33]} 42. Ke4 {[%emt 0:0:48]} Kg6 {[%emt 0:0:0]} 43. Ne5+ {[%emt 0:6:21]} Kf6 {[%emt 0:0:19]} 44. Nc4 {[%emt 0:0:19]} Rb4 {[%emt 0:0:58]} 45. Kd3 {[%emt 0:0:39]} Rb3+ {[%emt 0:2:14]} 46. Kd2 {[%emt 0:0:54]
} Rb7 {[%emt 0:4:59]} 47. Rxh5 {[%emt 0:0:37]} Rd7+ {[%emt 0:0:0]} 48. Kc3 {[%emt 0:1:32]} Kg7 {[%emt 0:0:18]} 49. Ra5 {[%emt 0:0:30]} Rc7 {[%emt 0:0:14]} 50. b4 {[%emt 0:3:39]} Kf6 {[%emt 0:0:18]} 51. Rh5 {[%emt 0:0:54]
} Kg7 {[%emt 0:0:33]} 52. Rd5 {[%emt 0:0:13]} Rb7 {[%emt 0:0:0]} 53. Kb3 {[%emt 0:1:25]} h6 {[%emt 0:0:7]} 54. Nd6 {[%emt 0:2:55]} Rb6 {[%emt 0:0:12]} 55. Nc4 {[%emt 0:0:51]} Rb7 {[%emt 0:0:5]} 56. f4 {[%emt 0:0:0]} Kf8 {[%emt 0:2:13]} 57. f5 {[%emt 0:3:28]} Ng7 {[%emt 0:0:3]} 58. g4 {[%emt 0:2:8]} Kg8 {[%emt 0:2:2]} 59. h5 {[%emt 0:1:28]} Kh7 {[%emt 0:0:0]} 60. Rd8 {[%emt 0:0:27]} f6 {[%emt 0:3:32]} 61. Ne3 {[%emt 0:1:1]} 1-0

[Event "RUS-chT Premier 2021"]
[White "Petrov,Nikita"]
[Black "Matlakov,Maxim"]
[WhiteTeam "Школа М. Ботвинника"]
[BlackTeam "Медный всадник"]
[Site "Sochi"]
[Round "9.7"]
[Annotator "TA"]
[Result "1/2-1/2"]
[Date "2021.05.10"]
[WhiteElo "2567"]
[BlackElo "2688"]
[PlyCount "37"]

1. d4 {} Nf6 2. c4 g6 3. Nc3 Bg7 4. e4 d6 5. Be2 0-0 6. Be3 Nc6 7. d5 Ne5 {E73:
King's Indian: Averbakh Variation without 6...c5.} 8. h3 (8. f4 {looks sharper.
} Neg4 9. Bd2 Nh6 10. h3 e6 11. dxe6 fxe6 12. g4 )e6 $1 {The main line 8..
.e6 scores better than 8...c6.} 9. Nf3 Nxf3+ {White has an edge.} 10. Bxf3 {
The position is equal.} Nd7 11. Qd2 Nc5 12. 0-0 a5 {[#]} 13. Rae1 $146 ({
Predecessor:} 13. Rab1 e5 14. Bd1 f5 15. exf5 Bxf5 16. Bc2 Qh4 17. Bxf5 gxf5 18. Bxc5 dxc5 19. Nb5 {0-1 (42) Osmak,I (2428)-Sanal,V (2572) Niksic 2021} )Re8 14. e5 Bxe5 15. Bxc5 Bxc3 16. Qxc3 {[#] aiming for dxe6.} dxc5 17. dxe6 Rxe6 18. Rxe6 Bxe6 19. Bxb7 {Weighted Error Value: White=0.08/Black=0.01} 1/2-1/2

[Event "RUS-chT Premier 2021"]
[White "Alekseenko,Kirill"]
[Black "Zakhartsov,Vladimir"]
[WhiteTeam "Медный всадник"]
[BlackTeam "Школа М. Ботвинника"]
[Site "Sochi"]
[Round "9.8"]
[Annotator "TA"]
[Result "1-0"]
[Date "2021.05.10"]
[WhiteElo "2696"]
[BlackElo "2486"]
[PlyCount "109"]

1. e4 {} e5 2. Nf3 Nf6 3. Nxe5 d6 4. Nf3 Nxe4 5. d4 Be7 6. Bd3 Nf6 7. h3 0-0 8. 0-0 Re8 {[#]} 9. a3 $146 {C42: Petroff Defence: 3 Nxe5
and unusual White 3rd moves.} ({Predecessor:} 9. c4 Nbd7 10. Nc3 Nf8 11. Bf4 Ng6 12. Bh2 c6 13. Qd2 a5 14. Rfe1 Bd7 15. Re3 Bf8 16. Rxe8 Bxe8 17. Re1 Qb6 18. Qc2 {1/2-1/2 (65) Grandelius,N (2641)-Granda Zuniga,J (2672) Linares 2016} )c5 10. Nc3 a6 11. dxc5 {White is slightly better.} dxc5 12. Ne5 Nbd7 13. Bf4 Nxe5 14. Bxe5 Be6 15. Qf3 Bd6 16. Rfe1 {Rad1 is the strong threat.} Bxe5 17. Rxe5 Qd4 18. Rae1 b5 19. R1e3 Rad8 20. Qc6 b4 21. axb4 cxb4 22. Na4 Bd7 23. Rxe8+ Bxe8 24. Qxa6 Bxa4 25. Qxa4 Qxb2 26. Bc4 Qc1+ (26... g6 {seems wilder.} 27. Qa7 Rd7 28. Qb8+ Kg7 29. Bb3 Qd4 )27. Kh2 Qd2 28. Rf3 Qd6+ 29. g3 Qc5 30. Bb3 h5 31. Qa6 h4 32. gxh4 Qe5+ 33. Kg2 Nd5 {Threatens to win with ...Nf4+.} 34. Qc4 Rd6 (34... g6 $16 )35. Qc8+ (35. c3 $1 $18 )Kh7 $16 36. Qf5+ Rg6+ (36... Qxf5 $16 {is a better defense.} 37. Rxf5 Nf6 38. Bxf7 Rd7 )37. Kf1 $1 $18 Qa1+ 38. Ke2 Qa6+ 39. Ke1 $1 Qa1+ {[#]} (39... Qe6+ $142 40. Kd2 Qxf5 41. Rxf5 Ne7 42. Rxf7 Rd6+ 43. Ke2 Nd5 )40. Kd2 $1 Ne7 41. Qh5+ (41. Qe4 f5 $11 )Rh6 42. Qxf7 (42. Qc5 $18 Ng6 43. h5 (43. Rxf7 Rxh4 44. Rf5 Kh6 $16 ))Qd4+ $2 {[#]} (42... Rd6+ $16 {keeps fighting.} 43. Rd3 Rxd3+ 44. cxd3 Qc3+ 45. Kd1 Qa1+ 46. Kd2 (46. Ke2 Qe5+ 47. Kd1 Qa1+ 48. Kd2 Qc3+ 49. Ke2 Qe5+ 50. Kd2 Qc3+ $16 )Qc3+ 47. Ke2 Qe5+ 48. Kd2 Qc3+ )43. Ke2 $1 Rd6 44. Qh5+ Rh6 45. Qf7 Rd6 {( -> ...Qd1+)} 46. Rd3 Qe5+ 47. Re3 Qa1 {} 48. Qh5+ (48. Rxe7 Qd1+ 49. Ke3 Qd4+ 50. Ke2 Qd1+ 51. Ke3 Qd4+ 52. Ke2 Qd1+ $11 )Rh6 49. Qg4 (49. Qb5 $18 {is more deadly.} Rd6 50. Rd3 (50. Rxe7 Qd1+ 51. Ke3 Qd2+ 52. Ke4 Qd4+ 53. Kf3 Rf6+ 54. Qf5+ Rxf5+ 55. Kg2 Rxf2+ 56. Kh1 Rf1+ 57. Kh2 Qg1# ))Rd6 $16 {} 50. Qh5+ ({
Weaker is} 50. Rxe7 Qd1+ 51. Ke3 Qd2+ 52. Kf3 Rf6+ 53. Ke4 (53. Kg2 Qxf2+ 54. Kh1 Qf1+ 55. Qg1 Qxh3+ { Double Attack} 56. Qh2 Rf1# )Qe1+ 54. Kd3 Qxe7 $17 )(50. Qe4+ $16 Ng6 51. Rd3 Rxd3 52. Qxd3 )Rh6 $18 51. Qc5 Ng6 52. Re4 ({Resist} 52. Qxb4 $6 Rxh4 53. Qc5 Qf6 $16 )Qh1 $2 (52... Qf6 53. Rxb4 Nf4+ 54. Kd1 Rh5 )53. Qd5 (53. Qf5 $142 Qxe4+ 54. Qxe4 Rxh4 55. Qf5 )Nh8 54. Qg8+ Kg6 55. Qe8+ {Weighted Error Value: White=0.23/Black=0.35} 1-0

[Event "RUS-chT Premier 2021"]
[White "Sakaev,Konstantin"]
[Black "Afanasiev,Nikita"]
[WhiteTeam "Медный всадник"]
[BlackTeam "Школа М. Ботвинника"]
[Site "Sochi"]
[Round "9.10"]
[Annotator "TA"]
[Result "1/2-1/2"]
[Date "2021.05.10"]
[WhiteElo "2604"]
[BlackElo "2529"]
[PlyCount "55"]

1. Nf3 {} c5 2. c4 Nf6 3. Nc3 Nc6 4. d4 cxd4 5. Nxd4 e6 6. a3 d5 7. cxd5 exd5 8. Bg5 Be7 {A33:
Symmetrical English: 2 Nf3 Nf6 3 d4 cxd4 4 Nxd4 e6 5 Nc3 Nc6.} 9. e3 0-0 10. Be2 h6 {White has an edge.} 11. Bh4 Be6 12. 0-0 {[#]} Ne4 $146 {[#] White must
now prevent ...Nxc3.} ({Predecessor:} 12... Qd7 13. Qa4 a6 14. Rad1 b5 15. Qb3 Rac8 16. Nxc6 Qxc6 17. Bf3 Qc4 18. Qxc4 Rxc4 {0-1 (51) Ovsejevitsch,S (2604)
-Matviishen,V (2423) Suwalki 2018} )13. Nxe6 fxe6 14. Bxe7 Nxc3 15. Bxd8 Nxd1 16. Bh4 Nxb2 17. Rfb1 Nc4 18. Rxb7 (18. Bg4 $5 {} )Rab8 19. Rc7 Rbc8 20. Rxc8 Rxc8 21. g4 Rb8 22. Bg3 (22. Bxc4 $5 dxc4 23. Rc1 $14 )Rb3 {The position is equal.} 23. a4 Rb2 24. Kf1 N6a5 25. Rd1 Ra2 26. h4 Rxa4 27. e4 Nb6 28. exd5 {Weighted Error Value: White=0.06/Black=0.06} 1/2-1/2

[Event "RUS-chT Premier 2021"]
[White "Kukhmazov,Arsen"]
[Black "Ponkratov,Pavel"]
[WhiteTeam "Школа М. Ботвинника"]
[BlackTeam "Медный всадник"]
[Site "Sochi"]
[Round "9.11"]
[Annotator "TA"]
[Result "1/2-1/2"]
[Date "2021.05.10"]
[WhiteElo "2451"]
[BlackElo "2619"]
[PlyCount "65"]

1. d4 {} Nf6 2. c4 e6 3. Nf3 d5 4. g3 dxc4 5. Bg2 a6 6. 0-0 Nc6 7. e3 Rb8 8. Nfd2 e5 {
E04: Open Catalan: 5 Nf3.} 9. Bxc6+ bxc6 10. dxe5 Ng4 {White is slightly
better.} 11. Nxc4 Be6 12. Nbd2 h5 {[#] Strongly threatening ...h4.} 13. f3 $1 {
} Rb4 14. fxg4 {Hoping for b3.} (14. Qe2 {keeps more tension.} h4 15. b3 hxg3 16. fxg4 Rxh2 17. Qf3 )Bxc4 15. Nxc4 Qxd1 16. Rxd1 Rxc4 17. gxh5 Rxh5 {[#]} 18. Rd4 $146 ({Predecessor:} 18. b3 Rc2 19. Rd2 Rxd2 20. Bxd2 Rxe5 21. Rc1 Kd7 22. Kf2 Rh5 23. Kg2 Bc5 24. e4 {1/2-1/2 (57) De Waele,W (2225)
-Goudriaan,E (2341) Bruges 2019} )Rc2 19. Rd2 Rc5 20. b3 Rcxe5 21. Rc2 Rc5 22. Re2 Rce5 23. Bb2 Re6 24. Kg2 Bd6 25. Rc1 ({But not} 25. Bxg7 f6 $17 )Reh6 26. Kg1 ({Much weaker is} 26. Bxg7 Rh7 $11 )(26. Rh1 {is more
complex.} Be5 27. Bc1 Rh3 28. Ree1 f6 29. e4 )Bxg3 $1 {The position is
equal.} 27. hxg3 Rh1+ 28. Kg2 R6h2+ 29. Kf3 {[#] Black must now prevent Rxh1.} Rxe2 30. Kxe2 Rh2+ 31. Kf3 Rxb2 32. Rxc6 Rxa2 33. Rxc7 {Weighted Error Value:
White=0.07/Black=0.06} 1/2-1/2

[Event "RUS-chT Premier 2021"]
[White "Goganov,Aleksey"]
[Black "Vetokhin,Savva"]
[WhiteTeam "Медный всадник"]
[BlackTeam "Школа М. Ботвинника"]
[Site "Sochi"]
[Round "9.12"]
[Annotator "ChessBase"]
[Result "1/2-1/2"]
[Date "2021.05.10"]
[WhiteElo "2575"]
[BlackElo "2261"]
[PlyCount "71"]
[TimeControl "60"]

1. Nf3 {[%emt 0:0:0]} Nf6 {[%emt 0:0:0]} 2. g3 {[%emt 0:0:0]} b5 {[%emt 0:0:36]
} 3. Bg2 {[%emt 0:0:12]} Bb7 {[%emt 0:0:9]} 4. Na3 {[%emt 0:0:0]} a6 {[%emt 0:3:18]} 5. c4 {[%emt 0:1:10]} b4 {[%emt 0:2:5]} 6. Nc2 {[%emt 0:0:4]
} e6 {[%emt 0:2:15]} 7. d4 {[%emt 0:2:27]} a5 {[%emt 0:3:3]} 8. 0-0 {[%emt 0:1:31]} Be7 {[%emt 0:0:29]} 9. d5 {[%emt 0:12:53]} exd5 {[%emt 0:12:26]
} 10. Nh4 {[%emt 0:6:8]} c6 {[%emt 0:3:3]} 11. cxd5 {[%emt 0:0:0]} cxd5 {[%emt 0:0:14]} 12. Nf5 {[%emt 0:0:22]} 0-0 {[%emt 0:0:28]} 13. Nce3 {[%emt 0:5:58]} Na6 {[%emt 0:6:12]} 14. b3 {[%emt 0:8:37]} Nc7 {[%emt 0:3:13]
} 15. Bb2 {[%emt 0:0:22]} Ne6 {[%emt 0:3:1]} 16. Rc1 {[%emt 0:0:0]} Bc6 {[%emt 0:2:39]} 17. Rc2 {[%emt 0:14:45]} a4 {[%emt 0:3:50]} 18. Nxd5 {[%emt 0:6:48]} Nxd5 {[%emt 0:0:22]} 19. Bxd5 {[%emt 0:0:6]} axb3 {[%emt 0:2:13]
} 20. axb3 {[%emt 0:1:8]} Bxd5 {[%emt 0:0:30]} 21. Qxd5 {[%emt 0:0:10]
} Bf6 {[%emt 0:0:13]} 22. Bxf6 {[%emt 0:2:57]} Qxf6 {[%emt 0:0:0]} 23. e3 {[%emt 0:2:0]} Ra3 {[%emt 0:8:23]} 24. Rfc1 {[%emt 0:1:36]} g6 {[%emt 0:1:26]} 25. Nd6 {[%emt 0:0:32]} Ra1 {[%emt 0:1:24]} 26. Rxa1 {[%emt 0:4:1]
} Qxa1+ {[%emt 0:0:5]} 27. Kg2 {[%emt 0:0:3]} Qa8 {[%emt 0:0:0]} 28. Qf3 {[%emt 0:9:30]} f5 {[%emt 0:2:31]} 29. h4 {[%emt 0:4:8]} Rb8 {[%emt 0:3:21]} 30. Qxa8 {[%emt 0:7:3]} Rxa8 {[%emt 0:0:2]} 31. Nb5 {[%emt 0:0:53]
} Ra5 {[%emt 0:0:56]} 32. Nd4 {[%emt 0:0:32]} Nxd4 {[%emt 0:0:0]} 33. exd4 {[%emt 0:0:4]} Ra3 {[%emt 0:0:5]} 34. Rc7 {[%emt 0:0:16]} Rxb3 {[%emt 0:0:6]} 35. Rxd7 {[%emt 0:0:3]} Rd3 {[%emt 0:0:12]} 36. d5 {[%emt 0:0:3]
} 1/2-1/2